Missing Word: Creedence Clearwater Revival Quiz Stats

Quiz Updated Nov 28, 2015

Challenge
Share
Tweet
Embed
Score 0/20 Timer 04:00
0 Plays Today
Song Missing Word % Correct
Bad Moon ______Rising
95.1%
Good ______ Miss MollyGolly
94.2%
Have You Ever Seen the ______Rain
92.5%
Who'll ______ the RainStop
87.4%
______ MaryProud
86.5%
I Put a ______ on YouSpell
85.9%
Up ______ the BendAround
84.1%
Fortunate ______Son
79.1%
______ Out My Back DoorLookin'
69%
The ______ SpecialMidnight
56.5%
Song Missing Word % Correct
Down on the ______Corner
54.7%
______ on the BayouBorn
54.1%
Green ______River
45%
______ on the WaterWalk
24.1%
Cotton ______Fields
23.2%
Ramble ______Tamble
10.6%
Poorboy ______Shuffle
8.5%
______ Tie WalkerCross
8.2%
______ ShadowTombstone
5.9%
______ TrainGraveyard
4.8%

Today's Daily Dose

Missing Word
'F' Science

Word Ladder
Guitar Heroes

Quick Pick
Zambian Borders

On This Day
April 22nd II

You're not logged in!

Compare scores with friends on all Sporcle quizzes.
Sign Up with Email
OR
Log In

You Might Also Like...

Show Comments

Extras

Top Quizzes Today


Score Distribution

Your Account Isn't Verified!

In order to create a playlist on Sporcle, you need to verify the email address you used during registration. Go to your Sporcle Settings to finish the process.

Report this User

Report this user for behavior that violates our Community Guidelines.

Details: